[Event "4NCL Division 2c"]
[Site "Telford, ENG"]
[Date "2018.05.07"]
[Round "11.11"]
[White "Walker, David J"]
[Black "Lupulescu, Constantin"]
[Result "0-1"]
[WhiteElo "2285"]
[BlackElo "2621"]
[PlyCount "88"]
[EventDate "2018.05.07"]
[WhiteTeam "North East England"]
[BlackTeam "Manx Liberty"]

1. c4 Nf6 2. Nf3 e6 3. g3 d5 4. Bg2 d4 5. O-O c5 6. e3 Nc6 7. exd4 cxd4 8. d3
h6 9. Re1 Bd6 10. b3 O-O 11. Ba3 e5 12. Bxd6 Qxd6 13. a3 a5 14. Qc2 Bf5 15. c5
Qc7 16. Nbd2 Rad8 17. Nc4 Nd7 18. Rac1 Qb8 19. Qb1 Nxc5 20. Ncxe5 Nxe5 21. Nxe5
Qd6 22. b4 axb4 23. axb4 Na4 24. Nc4 Qb8 25. Re5 Bg6 26. f4 Nc3 27. Qc2 f6 28.
Ree1 Rfe8 29. Bh3 Bf7 30. Bf1 Qc7 31. Qf2 Re7 32. Nd2 Qd6 33. Nb1 Rxe1 34. Qxe1
Nd5 35. b5 Re8 36. Qf2 Ne3 37. Nd2 Bd5 38. Re1 Qc5 39. Nc4 Kf8 40. b6 Bxc4 41.
dxc4 Nxf1 42. Rxe8+ Kxe8 43. Qxf1 d3+ 44. Qf2 Qxc4 0-1

[Event "4NCL Division 2c"]
[Site "Telford, ENG"]
[Date "2018.05.07"]
[Round "11.12"]
[White "Parligras, Mircea-Emilian"]
[Black "Wall, Tim P"]
[Result "1-0"]
[WhiteElo "2642"]
[BlackElo "2250"]
[PlyCount "95"]
[EventDate "2018.05.07"]
[WhiteTeam "Manx Liberty"]
[BlackTeam "North East England"]

1. d4 b6 2. e4 Bb7 3. Bd3 Nf6 4. Qe2 Nc6 5. c3 e5 6. Nf3 d6 7. O-O Be7 8. d5
Nb8 9. c4 O-O 10. Nc3 Nbd7 11. Be3 a5 12. a3 Nh5 13. Bc2 Nf4 14. Qd2 Ba6 15. b3
Bf6 16. g3 Nh5 17. Qe2 g6 18. b4 Bg7 19. Ba4 Ndf6 20. Bc6 Rb8 21. bxa5 bxa5 22.
Ba7 Rb3 23. Rfc1 Bh6 24. Rc2 Qc8 25. Ba4 Rb7 26. Be3 Bxe3 27. fxe3 Qg4 28. Nd2
Rfb8 29. Qxg4 Nxg4 30. Nd1 Ngf6 31. Kg2 Ra7 32. Bc6 Bc8 33. Nc3 Bd7 34. Nb5
Bxc6 35. Nxa7 Ba4 36. Rca2 Rb7 37. Nb5 Bxb5 38. cxb5 Rxb5 39. Rc2 Ng4 40. Re1
Rb7 41. h3 Ngf6 42. g4 Ng7 43. g5 Nd7 44. Rb1 Rxb1 45. Nxb1 Nc5 46. Nc3 Ne8 47.
Rb2 Kf8 48. Rb5 1-0

[Event "4NCL Division 2c"]
[Site "Telford, ENG"]
[Date "2018.05.07"]
[Round "11.13"]
[White "Dunn, Andrew"]
[Black "Jaracz, Pawel"]
[Result "0-1"]
[WhiteElo "2237"]
[BlackElo "2463"]
[PlyCount "64"]
[EventDate "2018.05.07"]
[WhiteTeam "North East England"]
[BlackTeam "Manx Liberty"]

1. d4 Nf6 2. Nf3 e6 3. c4 d5 4. g3 Bb4+ 5. Bd2 Be7 6. Bg2 c6 7. Qc2 O-O 8. O-O
b6 9. Bf4 Bb7 10. Rd1 Nbd7 11. Ne5 Rc8 12. Nxd7 Qxd7 13. cxd5 cxd5 14. Qb3 Ba6
15. Nc3 Bc4 16. Qc2 b5 17. a3 a5 18. Rdc1 a4 19. Qd2 Rfd8 20. Nd1 Ne4 21. Qe1
Qa7 22. Be3 Bf6 23. Bxe4 dxe4 24. d5 Qa6 25. dxe6 Qxe6 26. Bd2 Qg4 27. Bc3 Bg5
28. e3 Be2 29. h3 Qf3 30. Bd2 Rxc1 31. Rxc1 h5 32. Nc3 Bc4 0-1

[Event "4NCL Division 2c"]
[Site "Telford, ENG"]
[Date "2018.05.07"]
[Round "11.14"]
[White "Bobras, Piotr"]
[Black "Dargan, Paul A G"]
[Result "0-1"]
[WhiteElo "2508"]
[BlackElo "2207"]
[PlyCount "84"]
[EventDate "2018.05.07"]
[WhiteTeam "Manx Liberty"]
[BlackTeam "North East England"]

1. e4 e6 2. d3 d5 3. Nd2 Nf6 4. Ngf3 Nc6 5. g3 dxe4 6. dxe4 e5 7. Bg2 Bc5 8.
O-O O-O 9. c3 a5 10. Qe2 b6 11. Nc4 Ba6 12. a4 Ne8 13. b3 Nd6 14. Nh4 Qf6 15.
Bh3 Rad8 16. Nf5 Bxc4 17. bxc4 Nxf5 18. exf5 e4 19. Qxe4 Rfe8 20. Qc2 Ne5 21.
Bf4 Bd6 22. Bxe5 Rxe5 23. Rae1 Rde8 24. Rxe5 Qxe5 25. Bg2 Qe2 26. Qb3 Re5 27.
f6 gxf6 28. Kh1 Rc5 29. f4 h5 30. Rf3 Kg7 31. h4 Qxc4 32. Qc2 b5 33. axb5 Rxb5
34. Kh2 Rc5 35. Re3 a4 36. Re4 Qb3 37. Qe2 a3 38. Re8 Ra5 39. f5 Rxf5 40. Qe4
Ra5 41. Bf1 Qb2+ 42. Kh3 Qf2 0-1

[Event "4NCL Division 2c"]
[Site "Telford, ENG"]
[Date "2018.05.07"]
[Round "11.15"]
[White "Dalton, Joseph"]
[Black "Galyas, Miklos"]
[Result "0-1"]
[WhiteElo "2207"]
[BlackElo "2495"]
[PlyCount "82"]
[EventDate "2018.05.07"]
[WhiteTeam "North East England"]
[BlackTeam "Manx Liberty"]

1. d4 Nf6 2. Nf3 g6 3. Nc3 d5 4. Bf4 Bg7 5. e3 O-O 6. Be2 Bg4 7. Ne5 Bxe2 8.
Nxe2 c5 9. c3 Nc6 10. O-O e6 11. Nxc6 bxc6 12. Qa4 Qd7 13. Qa3 c4 14. b3 cxb3
15. axb3 Rfc8 16. b4 Ne4 17. Ra2 Bf8 18. f3 Nd6 19. Bxd6 Bxd6 20. Qa5 e5 21.
dxe5 Bxe5 22. Nd4 Qe7 23. Re2 c5 24. bxc5 Rxc5 25. Qa3 Qc7 26. f4 Rxc3 27. Qa2
Bxd4 28. exd4 Qc4 29. Qd2 Rd3 30. Qe1 Rf8 31. f5 Rxd4 32. f6 Re4 33. Rxe4 dxe4
34. Qe3 Re8 35. Qh6 Qc5+ 36. Kh1 Qf8 37. Qe3 a6 38. g4 h6 39. Rf4 Qd6 40. Rf1
Qd3 41. Qf4 e3 0-1

[Event "4NCL Division 2c"]
[Site "Telford, ENG"]
[Date "2018.05.07"]
[Round "11.16"]
[White "Cioara, Andrei-Nestor"]
[Black "Coathup, Roger H"]
[Result "1/2-1/2"]
[WhiteElo "2450"]
[BlackElo "2155"]
[PlyCount "83"]
[EventDate "2018.05.07"]
[WhiteTeam "Manx Liberty"]
[BlackTeam "North East England"]

1. d4 Nf6 2. c4 g6 3. g3 Bg7 4. Bg2 O-O 5. Nc3 d6 6. Nf3 Nc6 7. O-O a6 8. Bf4
Rb8 9. Rc1 h6 10. d5 e5 11. Bd2 Ne7 12. e4 Ne8 13. Ne1 f5 14. Nd3 Nf6 15. Qe2
fxe4 16. Nxe4 Nf5 17. Bc3 Qe8 18. f4 Nd4 19. Nxf6+ Bxf6 20. Qd2 b5 21. Rce1
bxc4 22. Bxd4 cxd3 23. Qxd3 Bd7 24. fxe5 Bb5 25. Qd2 dxe5 26. Rxf6 Rxf6 27.
Bxe5 Rf7 28. d6 cxd6 29. Bxd6 Qd8 30. Bd5 Qb6+ 31. Kh1 Rbb7 32. Be7 Bc6 33. Re6
Bxd5+ 34. Qxd5 Rf1+ 35. Kg2 Qf2+ 36. Kh3 Qf5+ 37. Qxf5 Rxf5 38. Ba3 a5 39.
Rxg6+ Kh7 40. Ra6 Rc7 41. Kg4 Rd5 42. b3 1/2-1/2

[Event "4NCL Division 2c"]
[Site "Telford, ENG"]
[Date "2018.05.07"]
[Round "11.17"]
[White "Henderson, David"]
[Black "Jaracz, Barbara"]
[Result "0-1"]
[WhiteElo "2125"]
[BlackElo "2245"]
[PlyCount "78"]
[EventDate "2018.05.07"]
[WhiteTeam "North East England"]
[BlackTeam "Manx Liberty"]

1. e4 e5 2. Nf3 Nc6 3. d4 exd4 4. Nxd4 Bc5 5. Be3 Qf6 6. c3 Nge7 7. g3 Bxd4 8.
cxd4 d5 9. e5 Qg6 10. Nc3 O-O 11. Bg2 Nb4 12. O-O c6 13. Qd2 Bf5 14. Ne2 Nd3
15. Rfd1 f6 16. Qc3 fxe5 17. dxe5 c5 18. Rxd3 Bxd3 19. Nf4 Rxf4 20. Bxf4 b6 21.
Rd1 Be4 22. f3 Bf5 23. g4 Be6 24. h3 d4 25. Qe1 Nd5 26. Bd2 Rf8 27. Rc1 Qd3 28.
Rd1 Qc2 29. Bc1 Nb4 30. f4 Nd3 31. Qf1 Nxf4 32. Bxf4 Rxf4 33. Qxf4 Qxd1+ 34.
Kh2 Qe2 35. Kh1 Qe3 36. Qxe3 dxe3 37. Bf1 Bxa2 38. Kh2 Bd5 39. Kg3 g5 0-1

[Event "4NCL Division 2c"]
[Site "Telford, ENG"]
[Date "2018.05.07"]
[Round "11.21"]
[White "Polaczek, Richard"]
[Black "Taylor, Adam C"]
[Result "1/2-1/2"]
[WhiteElo "2378"]
[BlackElo "2267"]
[PlyCount "43"]
[EventDate "2018.05.07"]
[WhiteTeam "Manchester Manticores 1"]
[BlackTeam "Wood Green Monarchs"]

1. d4 Nf6 2. Nf3 d5 3. c4 e6 4. Nc3 Bb4 5. e3 O-O 6. Bd2 c5 7. a3 Bxc3 8. Bxc3
Ne4 9. Rc1 Nxc3 10. Rxc3 cxd4 11. Qxd4 Nc6 12. Qd2 dxc4 13. Qxd8 Rxd8 14. Bxc4
Rd6 15. Ke2 Bd7 16. Rd3 Rxd3 17. Bxd3 Rc8 18. Rd1 Be8 19. Kd2 h6 20. Rc1 Kf8
21. b4 Ne7 22. Rxc8 1/2-1/2

[Event "4NCL Division 2c"]
[Site "Telford, ENG"]
[Date "2018.05.07"]
[Round "11.22"]
[White "Willow, Jonah B"]
[Black "Macklin, Paul"]
[Result "1/2-1/2"]
[WhiteElo "2177"]
[BlackElo "2395"]
[PlyCount "22"]
[EventDate "2018.05.07"]
[WhiteTeam "Wood Green Monarchs"]
[BlackTeam "Manchester Manticores 1"]

1. e4 g6 2. d4 Bg7 3. Nc3 c6 4. f4 d5 5. e5 Nh6 6. Be2 O-O 7. Nf3 Bg4 8. O-O f6
9. h3 Bxf3 10. Bxf3 e6 11. Ne2 fxe5 1/2-1/2

[Event "4NCL Division 2c"]
[Site "Telford, ENG"]
[Date "2018.05.07"]
[Round "11.23"]
[White "Jaunooby, Ali R"]
[Black "Sygnowski, Tomasz"]
[Result "1/2-1/2"]
[WhiteElo "2177"]
[BlackElo "2132"]
[PlyCount "87"]
[EventDate "2018.05.07"]
[WhiteTeam "Manchester Manticores 1"]
[BlackTeam "Wood Green Monarchs"]

1. d4 Nf6 2. c4 e6 3. Nf3 d5 4. Bg5 Be7 5. Nc3 O-O 6. e3 a6 7. c5 b6 8. b4 a5
9. a3 Ne4 10. Bxe7 Qxe7 11. Qc1 axb4 12. axb4 Rxa1 13. Qxa1 Nc6 14. Qb2 bxc5
15. bxc5 Bd7 16. Bd3 Rb8 17. Qc1 Nf6 18. Bb5 Ne4 19. Bxc6 Nxc3 20. Nd2 Na2 21.
Qa3 Bxc6 22. Qxa2 Bb5 23. Nf3 Bc4 24. Qc2 Qd7 25. Kd2 Qb5 26. Ra1 f6 27. Ke1
Bd3 28. Qa4 Qb2 29. Nd2 Qc3 30. Rd1 h6 31. Qd7 Bf5 32. h3 h5 33. Qxc7 Rb2 34.
Qd7 Rc2 35. Qe8+ Kh7 36. Qxh5+ Kg8 37. g4 g6 38. Qh4 Bd3 39. Qxf6 Rxd2 40.
Qxe6+ Kh8 41. Qe5+ Kh7 42. Qc7+ Kh8 43. Qe5+ Kh7 44. Qe7+ 1/2-1/2

[Event "4NCL Division 2c"]
[Site "Telford, ENG"]
[Date "2018.05.07"]
[Round "11.24"]
[White "Longson, Sarah N"]
[Black "Mazek, Marek"]
[Result "1-0"]
[WhiteElo "2192"]
[BlackElo "2110"]
[PlyCount "65"]
[EventDate "2018.05.07"]
[WhiteTeam "Wood Green Monarchs"]
[BlackTeam "Manchester Manticores 1"]

1. e4 c5 2. Nf3 d6 3. d4 cxd4 4. Nxd4 Nf6 5. Nc3 a6 6. h3 e6 7. g4 h6 8. Bg2 g5
9. Be3 Be7 10. Qd2 Qc7 11. O-O h5 12. gxh5 Rxh5 13. Bxg5 Bd7 14. Nf5 exf5 15.
exf5 Bc6 16. Bxf6 Bxf6 17. Qe2+ Be5 18. Qxh5 Bxg2 19. Kxg2 Nd7 20. Qh4 Bxc3 21.
bxc3 Qc6+ 22. f3 Rc8 23. Rae1+ Ne5 24. Qe4 Kd7 25. Qxc6+ Rxc6 26. f4 Nc4 27. f6
d5 28. Re7+ Kd8 29. Rb1 b5 30. Rxf7 Ne3+ 31. Kf2 Rxc3 32. Rg1 Ke8 33. Re7+ 1-0

[Event "4NCL Division 2c"]
[Site "Telford, ENG"]
[Date "2018.05.07"]
[Round "11.25"]
[White "Mulleady, Peter J"]
[Black "Kryger, Oksana"]
[Result "1/2-1/2"]
[WhiteElo "2087"]
[BlackElo "2171"]
[PlyCount "25"]
[EventDate "2018.05.07"]
[WhiteTeam "Manchester Manticores 1"]
[BlackTeam "Wood Green Monarchs"]

1. d4 d5 2. Bf4 Nf6 3. e3 c5 4. c3 Nc6 5. Nd2 cxd4 6. exd4 Bf5 7. Ngf3 e6 8.
Qb3 Qc8 9. Be2 h6 10. O-O Be7 11. Ne5 O-O 12. Ndf3 Ne4 13. Rfe1 1/2-1/2

[Event "4NCL Division 2c"]
[Site "Telford, ENG"]
[Date "2018.05.07"]
[Round "11.26"]
[White "Manelidou, Maria"]
[Black "Hamer, Martyn"]
[Result "1/2-1/2"]
[WhiteElo "2094"]
[BlackElo "2102"]
[PlyCount "118"]
[EventDate "2018.05.07"]
[WhiteTeam "Wood Green Monarchs"]
[BlackTeam "Manchester Manticores 1"]

1. e4 e5 2. Nf3 Nf6 3. d4 Nxe4 4. Bd3 d5 5. dxe5 Nc5 6. Be2 Be7 7. O-O O-O 8.
h3 c6 9. Nbd2 f6 10. c4 dxc4 11. Bxc4+ Be6 12. Bxe6+ Nxe6 13. Qb3 Qd5 14. Qxb7
Nd7 15. Qb3 fxe5 16. Rd1 Rab8 17. Qxd5 cxd5 18. Nc4 dxc4 19. Rxd7 Bc5 20. Be3
Bxe3 21. fxe3 Rxb2 22. Rd2 Rxd2 23. Nxd2 c3 24. Ne4 c2 25. Rc1 Rc8 26. Kf2 Nc5
27. Nxc5 Rxc5 28. Ke2 e4 29. Kd2 Rg5 30. g4 h5 31. Rg1 hxg4 32. hxg4 Ra5 33.
Kxc2 Rxa2+ 34. Kc3 Kf7 35. Kd4 Ra4+ 36. Ke5 Ra6 37. Kf4 Kf6 38. g5+ Kg6 39. Rd1
Ra5 40. Rd7 Rf5+ 41. Kxe4 a5 42. Kd4 Rxg5 43. e4 Kf6 44. Rd6+ Ke7 45. Ra6 Rb5
46. e5 g5 47. Ke4 g4 48. Kf5 g3 49. Ra7+ Kd8 50. Rg7 Rb3 51. Rg4 Ke7 52. Rg7+
Kf8 53. Rg4 Kf7 54. e6+ Ke7 55. Rg7+ Kd6 56. Rd7+ Kc6 57. Rd2 Re3 58. Kf6 Rf3+
59. Ke5 Rc3 1/2-1/2

[Event "4NCL Division 2c"]
[Site "Telford, ENG"]
[Date "2018.05.07"]
[Round "11.27"]
[White "Peacock, Malcolm R"]
[Black "Pein, Jonathan"]
[Result "1/2-1/2"]
[WhiteElo "2080"]
[BlackElo "2133"]
[PlyCount "56"]
[EventDate "2018.05.07"]
[WhiteTeam "Manchester Manticores 1"]
[BlackTeam "Wood Green Monarchs"]

1. c4 e5 2. g3 Nf6 3. Bg2 d5 4. cxd5 Nxd5 5. Nf3 Nc6 6. O-O Nb6 7. d3 Be7 8.
Nbd2 g5 9. b3 g4 10. Ne1 h5 11. Bb2 f6 12. Nc2 h4 13. Re1 hxg3 14. hxg3 Be6 15.
Nf1 Qd7 16. d4 exd4 17. Nxd4 Nxd4 18. Qxd4 Qxd4 19. Bxd4 O-O-O 20. Rad1 Rd7 21.
Ne3 Rhd8 22. Bxb6 Rxd1 23. Rxd1 Rxd1+ 24. Nxd1 axb6 25. Kf1 c6 26. Be4 Bc5 27.
f4 Kc7 28. e3 Kd6 1/2-1/2

[Event "4NCL Division 2c"]
[Site "Telford, ENG"]
[Date "2018.05.07"]
[Round "11.28"]
[White "Guha, Chirag"]
[Black "Rahulan, Thivyaa"]
[Result "1-0"]
[WhiteElo "1982"]
[BlackElo "2020"]
[PlyCount "67"]
[EventDate "2018.05.07"]
[WhiteTeam "Wood Green Monarchs"]
[BlackTeam "Manchester Manticores 1"]

1. d4 e6 2. c4 f5 3. g3 Nf6 4. Bg2 Be7 5. Nc3 O-O 6. Nh3 d6 7. O-O e5 8. dxe5
dxe5 9. Qxd8 Rxd8 10. Ng5 h6 11. Nf3 Nc6 12. e4 fxe4 13. Nd2 e3 14. fxe3 Be6
15. b3 Rd3 16. Nde4 Rad8 17. Nxf6+ Bxf6 18. Nd5 Bxd5 19. cxd5 Ne7 20. Be4 Rc3
21. Bd2 Rc5 22. Rxf6 gxf6 23. Bb4 Rcxd5 24. Bxe7 Rd1+ 25. Rxd1 Rxd1+ 26. Kg2
Rd2+ 27. Kf3 Kf7 28. Bb4 Rxa2 29. Bxb7 Rxh2 30. Bd5+ Kg6 31. e4 Kg5 32. Bc5 a5
33. Bf7 f5 34. Be7# 1-0

[Event "4NCL Division 2c"]
[Site "Telford, ENG"]
[Date "2018.05.07"]
[Round "11.31"]
[White "Kilpatrick, Callum"]
[Black "Szczepkowska, Karina"]
[Result "1/2-1/2"]
[WhiteElo "2349"]
[BlackElo "2403"]
[PlyCount "69"]
[EventDate "2018.05.07"]
[WhiteTeam "Guildford 3"]
[BlackTeam "Celtic Tigers"]

1. e4 e5 2. Nf3 Nc6 3. Bb5 a6 4. Ba4 Nf6 5. O-O b5 6. Bb3 Bb7 7. d3 Be7 8. Re1
O-O 9. Nc3 d6 10. a3 Qd7 11. Nd5 Nxd5 12. Bxd5 Nd8 13. Bxb7 Nxb7 14. d4 exd4
15. Qxd4 Nc5 16. b4 Na4 17. Bf4 Qc6 18. Rac1 Nb6 19. Qd3 Bf6 20. e5 dxe5 21.
Nxe5 Bxe5 22. Bxe5 Nc4 23. Qg3 Nxe5 24. Rxe5 Rae8 25. Rc5 Qh6 26. Ra1 c6 27. h3
Re6 28. Rd1 Rfe8 29. Kh2 Qf6 30. Rd3 Qe7 31. c4 h6 32. cxb5 axb5 33. Rdc3 Rg6
34. Qf4 Rf6 35. Qg3 1/2-1/2

[Event "4NCL Division 2c"]
[Site "Telford, ENG"]
[Date "2018.05.07"]
[Round "11.32"]
[White "Kulon, Klaudia"]
[Black "Grieve, Harry"]
[Result "1/2-1/2"]
[WhiteElo "2319"]
[BlackElo "2223"]
[PlyCount "85"]
[EventDate "2018.05.07"]
[WhiteTeam "Celtic Tigers"]
[BlackTeam "Guildford 3"]

1. c4 e5 2. g3 Nf6 3. Bg2 c6 4. d4 exd4 5. Qxd4 Na6 6. Nc3 Bc5 7. Qd1 O-O 8. e3
Nc7 9. Qc2 Qe7 10. a3 d5 11. cxd5 Ncxd5 12. Nge2 Bg4 13. O-O Rad8 14. e4 Nxc3
15. Nxc3 Nd7 16. h3 Be6 17. Bf4 Bd6 18. Bxd6 Qxd6 19. Rfd1 Qe7 20. b4 Nb6 21.
Ne2 Qf6 22. f4 Rxd1+ 23. Rxd1 Rd8 24. f5 Bc4 25. Nf4 Rd4 26. Kh2 Qd6 27. e5 Qd8
28. Re1 Nc8 29. Qc3 Ne7 30. f6 Ng6 31. Nh5 Be6 32. Nxg7 Rd2 33. Kh1 Rd3 34.
Nxe6 fxe6 35. Qc4 Kf7 36. b5 Rd1 37. Rxd1 Qxd1+ 38. Kh2 Nxe5 39. Qe4 Ng6 40.
bxc6 bxc6 41. Qxc6 Kxf6 42. Qb7 Qa4 43. Qf3+ 1/2-1/2

[Event "4NCL Division 2c"]
[Site "Telford, ENG"]
[Date "2018.05.07"]
[Round "11.33"]
[White "Osborne, Marcus E"]
[Black "Hoffmann, Hendrik"]
[Result "1/2-1/2"]
[WhiteElo "2152"]
[BlackElo "2226"]
[PlyCount "34"]
[EventDate "2018.05.07"]
[WhiteTeam "Guildford 3"]
[BlackTeam "Celtic Tigers"]

1. d4 d5 2. Nf3 Nf6 3. c4 dxc4 4. e3 e6 5. Bxc4 a6 6. O-O c5 7. b3 b5 8. Bd3
Bb7 9. Bb2 cxd4 10. Nxd4 Nc6 11. Nxc6 Bxc6 12. Qe2 Be7 13. Nd2 O-O 14. Rfd1 Qb6
15. Nf3 Qb7 16. Rac1 Rac8 17. Rc2 Be4 1/2-1/2

[Event "4NCL Division 2c"]
[Site "Telford, ENG"]
[Date "2018.05.07"]
[Round "11.34"]
[White "Jarvinen, Rauno"]
[Black "Granat, Russell G"]
[Result "1/2-1/2"]
[WhiteElo "2222"]
[BlackElo "2203"]
[PlyCount "47"]
[EventDate "2018.05.07"]
[WhiteTeam "Celtic Tigers"]
[BlackTeam "Guildford 3"]

1. c4 Nf6 2. g3 g6 3. Bg2 Bg7 4. Nc3 d6 5. e4 e5 6. Nge2 O-O 7. O-O c6 8. d4
Re8 9. h3 Nbd7 10. Re1 h6 11. b3 Nf8 12. Be3 Bd7 13. Qd2 Kh7 14. Rad1 Qc7 15.
Qc2 Rad8 16. Na4 b6 17. Nac3 Qc8 18. Kh2 Ne6 19. d5 Ng5 20. Bxg5 hxg5 21. g4 c5
22. f3 Rh8 23. Kg1 Kg8 24. Kf2 1/2-1/2

[Event "4NCL Division 2c"]
[Site "Telford, ENG"]
[Date "2018.05.07"]
[Round "11.35"]
[White "Chavannes, Ivar"]
[Black "Pedersen, Carsten"]
[Result "0-1"]
[WhiteElo "2122"]
[BlackElo "2129"]
[PlyCount "70"]
[EventDate "2018.05.07"]
[WhiteTeam "Guildford 3"]
[BlackTeam "Celtic Tigers"]

1. d4 Nf6 2. Nf3 e6 3. c4 Nc6 4. g3 Bb4+ 5. Nc3 d6 6. Qb3 a5 7. Bd2 O-O 8. a3
a4 9. Qc2 Bxc3 10. Bxc3 d5 11. Bg2 Ne4 12. O-O Bd7 13. Rac1 f5 14. Rfd1 Be8 15.
Ne1 Bg6 16. Nd3 f4 17. gxf4 Qh4 18. e3 dxc4 19. Ne1 Nc5 20. Qe2 Nd3 21. Nxd3
cxd3 22. Qf3 Bh5 23. Qe4 Bxd1 24. Qxe6+ Kh8 25. Rxd1 Qh5 26. Rxd3 Rf6 27. Qh3
Qe2 28. Be4 Rh6 29. Qg3 Ne7 30. d5 Rg8 31. Rd4 Ng6 32. d6 cxd6 33. Rxd6 Qh5 34.
f5 Nh4 35. Qxg7+ Rxg7+ 0-1

[Event "4NCL Division 2c"]
[Site "Telford, ENG"]
[Date "2018.05.07"]
[Round "11.36"]
[White "Maciol, Ryszard"]
[Black "Punnett, Alan K"]
[Result "1-0"]
[WhiteElo "2161"]
[BlackElo "2063"]
[PlyCount "71"]
[EventDate "2018.05.07"]
[WhiteTeam "Celtic Tigers"]
[BlackTeam "Guildford 3"]

1. d4 Nf6 2. c4 e6 3. Nc3 Bb4 4. e3 b6 5. Nge2 Ba6 6. a3 Be7 7. Nf4 Bb7 8. b4
a5 9. b5 c5 10. bxc6 dxc6 11. Bb2 Nbd7 12. Bd3 e5 13. Nfe2 O-O 14. O-O Re8 15.
Qc2 Bd6 16. Ng3 exd4 17. exd4 Qc7 18. Rfe1 Nf8 19. Nce4 Nxe4 20. Bxe4 Bxg3 21.
hxg3 Re7 22. Re3 Rae8 23. Rae1 Bc8 24. Qc3 f6 25. R1e2 Bg4 26. f3 Be6 27. d5
Bf7 28. Kf2 cxd5 29. cxd5 Qd6 30. a4 Rc7 31. Qd4 Rec8 32. Bf5 Rc4 33. Qd3 R8c7
34. Ba3 Qxd5 35. Bxf8 Kxf8 36. Re8+ 1-0

[Event "4NCL Division 2c"]
[Site "Telford, ENG"]
[Date "2018.05.07"]
[Round "11.37"]
[White "Shepley, Julien M"]
[Black "Stevenson, James"]
[Result "1/2-1/2"]
[WhiteElo "1986"]
[BlackElo "2049"]
[PlyCount "143"]
[EventDate "2018.05.07"]
[WhiteTeam "Guildford 3"]
[BlackTeam "Celtic Tigers"]

1. e4 Nf6 2. Nc3 d5 3. e5 Ne4 4. Nce2 d4 5. c3 dxc3 6. bxc3 Nc5 7. d4 Nca6 8.
Nf3 Bg4 9. Ng3 e6 10. h3 Bxf3 11. Qxf3 c6 12. Bd3 Nc7 13. O-O Nd7 14. Rb1 Rb8
15. Ne4 h6 16. Re1 Nb6 17. Nd6+ Bxd6 18. exd6 Ncd5 19. c4 Nf6 20. c5 Nbd5 21.
Qg3 Kf8 22. f4 Nh5 23. Qf2 Qf6 24. Rf1 g6 25. Bd2 Ng7 26. g4 h5 27. g5 Qd8 28.
Rfe1 Qd7 29. Be4 Nf5 30. Rb3 Kg7 31. Reb1 b5 32. a4 a6 33. axb5 axb5 34. Ra3
Ra8 35. Rba1 Qb7 36. Qe1 Rhb8 37. Bxd5 Rxa3 38. Qe5+ Kh7 39. Rxa3 exd5 40. Qf6
Re8 41. Ba5 Ra8 42. Bb4 Rxa3 43. Bxa3 Qa7 44. Bb2 Qa2 45. Qxf7+ Ng7 46. d7 Qb1+
47. Kg2 Qxb2+ 48. Kh1 Qc1+ 49. Kh2 Qd2+ 50. Kh1 Qe1+ 51. Kg2 Qe2+ 52. Kg3 Qe6
53. Qxg7+ Kxg7 54. d8=Q Qe3+ 55. Kg2 Qe4+ 56. Kg3 h4+ 57. Kg4 Qf5+ 58. Kf3 Qd3+
59. Kg2 Qg3+ 60. Kh1 Qxh3+ 61. Kg1 Qg3+ 62. Kh1 Qxf4 63. Qd7+ Qf7 64. Qxc6 Qf3+
65. Kh2 Qg3+ 66. Kh1 Qxg5 67. Qxb5 Qf5 68. Qe8 Qf3+ 69. Kh2 Qf2+ 70. Kh1 Qf3+
71. Kh2 Qf4+ 72. Kh1 1/2-1/2

[Event "4NCL Division 2c"]
[Site "Telford, ENG"]
[Date "2018.05.07"]
[Round "11.38"]
[White "Skulte, Christopher"]
[Black "Stimpson, Philip M"]
[Result "1-0"]
[WhiteElo "1965"]
[BlackElo "1922"]
[PlyCount "89"]
[EventDate "2018.05.07"]
[WhiteTeam "Celtic Tigers"]
[BlackTeam "Guildford 3"]

1. e4 e6 2. d4 d5 3. Nd2 Nf6 4. e5 Nfd7 5. Bd3 c5 6. c3 Nc6 7. Ne2 cxd4 8. cxd4
f6 9. Nf4 Nxd4 10. Qh5+ Ke7 11. exf6+ Nxf6 12. Ng6+ hxg6 13. Qxh8 Kf7 14. O-O
e5 15. Nb3 Nxb3 16. axb3 Bf5 17. Bxf5 gxf5 18. Bg5 Bc5 19. Qxd8 Rxd8 20. Rfd1
d4 21. Ra5 Rc8 22. Bxf6 Kxf6 23. Rc1 Bb6 24. Rxc8 Bxa5 25. Ra8 d3 26. Kf1 Bb6
27. Rb8 e4 28. Rxb7 f4 29. b4 Bd4 30. Rd7 Ke5 31. Rxg7 Bxb2 32. Rxa7 e3 33.
fxe3 fxe3 34. Re7+ Kf4 35. b5 e2+ 36. Rxe2 dxe2+ 37. Kxe2 Ke5 38. Kf3 Kd6 39.
g4 Kc5 40. Ke4 Kxb5 41. Kf5 Kc6 42. Ke6 Kc7 43. g5 Kd8 44. Kf7 Kd7 45. h4 1-0

[Event "4NCL Division 2c"]
[Site "Telford, ENG"]
[Date "2018.05.07"]
[Round "11.41"]
[White "Lewis, Andrew P"]
[Black "Burrows, Martin P"]
[Result "1/2-1/2"]
[WhiteElo "2279"]
[BlackElo "2117"]
[PlyCount "37"]
[EventDate "2018.05.07"]
[WhiteTeam "Anglian Avengers 1"]
[BlackTeam "Grantham Sharks 2"]

1. c4 Nf6 2. Nc3 e6 3. e4 c5 4. e5 Ng8 5. Nf3 Nc6 6. d4 cxd4 7. Nxd4 Nxe5 8.
Bf4 Ng6 9. Bg3 a6 10. h4 Nf6 11. h5 Ne7 12. h6 d5 13. Qf3 Ng6 14. O-O-O gxh6
15. Nb3 Bg7 16. cxd5 exd5 17. Nxd5 Nxd5 18. Rxd5 Qf6 19. Qxf6 1/2-1/2

[Event "4NCL Division 2c"]
[Site "Telford, ENG"]
[Date "2018.05.07"]
[Round "11.42"]
[White "Cumbers, Paul"]
[Black "Player, Edmund C"]
[Result "1-0"]
[WhiteElo "2152"]
[BlackElo "2230"]
[PlyCount "63"]
[EventDate "2018.05.07"]
[WhiteTeam "Grantham Sharks 2"]
[BlackTeam "Anglian Avengers 1"]

1. e4 e6 2. d4 d5 3. e5 c5 4. c3 Nc6 5. Nf3 Qb6 6. a3 Nh6 7. b4 cxd4 8. Bxh6
gxh6 9. cxd4 Bd7 10. Ra2 Rc8 11. Rc2 Bg7 12. Nc3 O-O 13. Na4 Qc7 14. Bd3 Qb8
15. Nc5 Be8 16. O-O Kh8 17. Qb1 b6 18. Na6 Qb7 19. b5 Na5 20. Rxc8 Qxc8 21. Rc1
Nc4 22. a4 f6 23. exf6 Bxf6 24. Ne5 Bxe5 25. dxe5 Qd8 26. Bxc4 dxc4 27. Rxc4
Qd5 28. Rc7 Bg6 29. Qe1 Be4 30. Nb4 Qd4 31. Nc6 Bxg2 32. Nxd4 1-0

[Event "4NCL Division 2c"]
[Site "Telford, ENG"]
[Date "2018.05.07"]
[Round "11.43"]
[White "Plueg, Andreas"]
[Black "Varnam, Liam D"]
[Result "1/2-1/2"]
[WhiteElo "2290"]
[BlackElo "2068"]
[PlyCount "99"]
[EventDate "2018.05.07"]
[WhiteTeam "Anglian Avengers 1"]
[BlackTeam "Grantham Sharks 2"]

1. d4 d5 2. c3 c5 3. dxc5 e5 4. b4 Be6 5. a3 Nf6 6. Nf3 Nbd7 7. e3 Be7 8. Be2
Qc7 9. Bb2 b6 10. cxb6 Nxb6 11. Nbd2 Nc4 12. Nxc4 dxc4 13. Qa4+ Nd7 14. e4 O-O
15. O-O a5 16. Qc2 f5 17. Nd2 f4 18. a4 g5 19. Ba3 g4 20. Qa2 Rac8 21. bxa5
Bxa3 22. Qxa3 Nf6 23. Rab1 Rfd8 24. Rfd1 Rd7 25. Rb6 Kf7 26. f3 Rcd8 27. Rxe6
Rxd2 28. Rxd2 Rxd2 29. Rxf6+ Kxf6 30. Qf8+ Kg6 31. Qg8+ Kh6 32. Qf8+ Qg7 33.
Qxg7+ Kxg7 34. Bxc4 g3 35. hxg3 fxg3 36. Kf1 Rd7 37. a6 Ra7 38. f4 exf4 39. e5
h5 40. Ke2 Kg6 41. Bd3+ Kg5 42. Kf3 h4 43. e6 h3 44. gxh3 Kf6 45. h4 Kxe6 46.
h5 Kf6 47. h6 Kf7 48. Be4 Rxa6 49. Bd5+ Kg6 50. Kxf4 1/2-1/2

[Event "4NCL Division 2c"]
[Site "Telford, ENG"]
[Date "2018.05.07"]
[Round "11.44"]
[White "Willis, Rupert"]
[Black "Talsma, Paul"]
[Result "1-0"]
[WhiteElo "2128"]
[BlackElo "2207"]
[PlyCount "85"]
[EventDate "2018.05.07"]
[WhiteTeam "Grantham Sharks 2"]
[BlackTeam "Anglian Avengers 1"]

1. c4 f5 2. g3 Nf6 3. Bg2 g6 4. Nc3 Bg7 5. d3 O-O 6. Rb1 d6 7. b4 Nh5 8. Qb3 f4
9. Nf3 Nc6 10. Bb2 Bg4 11. Ne4 e5 12. b5 Nd4 13. Bxd4 exd4 14. h3 Bf5 15. g4
Bxe4 16. dxe4 Nf6 17. Nxd4 Qe7 18. c5+ Kh8 19. cxd6 cxd6 20. Ne6 Nd7 21. Nxf8
Rxf8 22. Rd1 Nc5 23. Qd5 Be5 24. Bf3 Na4 25. Qb3 Nc5 26. Qa3 b6 27. Rd5 Qd7 28.
Qb4 Qc7 29. O-O Qe7 30. Kg2 Rf7 31. Rfd1 Kg7 32. a4 h6 33. a5 Rf8 34. axb6 axb6
35. Qd2 Nb7 36. Qa2 Nc5 37. Qd2 Nb7 38. Qa2 Nc5 39. R1d2 Rf7 40. Rd1 Qa7 41.
Qxa7 Rxa7 42. Rxd6 Bxd6 43. Rxd6 1-0